书目信息 |
| 书名: | Inner Dimensions of Islamic Worship | |
| 作者: | AL-GHAZALI. | |
| 分册号: | ||
| 分册名: | 出版地: |
|
| 出版社: | The Islamic Foundation | |
| 出版时间: | 2000. | |
| 页数: | 142 p. ; | |
| 开本: | 20cm. | |
| 丛书名: | ||
| 中图分类号: | ||
| 科图分类号: | ||
| 其他分类号: | B95 | |
| 主题词: | ||
| 电子资源: | ||
| 000 | 00381nam 2200145 a 4500 | |
| 001 | E0732660673 | |
| 005 | 20070505092755.31 | |
| 008 | 070505s2000 00010 eng | |
| 020 | @a0-86037-126-3. | |
| 040 | @aPFT@beng | |
| 090 | @aB95 | |
| 099 | @dB95@ex12 | |
| 245 | 1 | @aInner Dimensions of Islamic Worship / @cAL-GHAZALI. |
| 260 | @bThe Islamic Foundation,@c2000. | |
| 300 | @a142 p. ;@c20cm. | |
| Inner Dimensions of Islamic Worship / / AL-GHAZALI.-The Islamic Foundation, , 2000. |
| 142 p. ; ; 20cm. |
| ISBN 0-86037-126-3. |
| ● |
| 相关链接 |
|
|
|
|
正题名:Inner Dimensions of Islamic Worship
索取号:B95/x12
 
预约/预借
| 序号 | 登录号 | 条形码 | 馆藏地/架位号 | 状态 | 备注 |
| 1 | 0006454 | 300064542 | 第二样本阅览室/ [索取号:B95/x12] | 在馆 |